000 00593cab a2200229 4500
001 X349
008 090401t1993 xxu||||| |||| 00| 0 eng d
035 _a(Sirsi) u65222
041 _aeng
245 _aEuropean Business School
260 _c1993
350 _a0
490 _aCSM (Chartered Surveyor Monthly)
_v2(4) January 1993, 3(1)
650 _aDIPLOMA
650 _aEXEMPTIONS
650 _aFRANKFURT
650 _aPOST GRADUATE COURSE
650 _aRICS ACCREDITATION
690 _aMANAGEMENT-BUSINESS MANAGEMENT-PROFESSIONAL PRACTICE
942 _n0
948 _c04/03/1997
999 _c40668
_d40668